[Event "CP-2015-P-00024"]
[Site "LSS email"]
[Date "2015.09.28"]
[Round "?"]
[White "Svrsek, Radomir Sr"]
[Black "Langer, Raimund"]
[Result "1/2-1/2"]
[WhiteElo "2049"]
[BlackElo "2497"]
[PlyCount "59"]
[EventDate "2015.10.01"]
[EventType "tourn (corr)"]
[EventRounds "6"]
[EventCountry "GER"]
[SourceTitle "Corr 2022"]
[Source "ChessBase"]
[SourceDate "2021.10.24"]
[SourceVersion "1"]
[SourceVersionDate "2021.10.24"]
[SourceQuality "1"]

1. e4 e5 2. Nf3 Nc6 3. Bb5 a6 4. Ba4 Nf6 5. 0-0 Be7 6. Re1 b5 7. Bb3 d6 8. c3 0-0 9. h3 Bb7 10. d4 Re8 11. Nbd2 Bf8 12. a4 h6 13. Bc2 exd4 14. Nxd4 g6 15. b3 Bg7 16. Bb2 Nh5 17. N2f3 Nxd4 18. cxd4 c5 19. Qc1 cxd4 20. Bxd4 Bxd4 21. Nxd4 Qf6 22. Qd2 d5 23. e5 Rxe5 24. Rxe5 Qxe5 25. Re1 Qf6 26. Re3 bxa4 27. bxa4 Rc8 28. Rf3 Qe7 29. g4 Ng7 30. Qxh6 1/2-1/2

[Event "ZI-2015-0-02005"]
[Site "LSS email"]
[Date "2015.07.19"]
[Round "?"]
[White "Svrsek, Radomir Sr"]
[Black "Dehaybe, Andre"]
[Result "1/2-1/2"]
[WhiteElo "2071"]
[BlackElo "2070"]
[PlyCount "24"]
[EventDate "2015.07.14"]
[EventType "match (corr)"]
[EventRounds "2"]
[EventCountry "GER"]
[SourceTitle "Corr 2022"]
[Source "ChessBase"]
[SourceDate "2021.10.24"]
[SourceVersion "1"]
[SourceVersionDate "2021.10.24"]
[SourceQuality "1"]

1. Nf3 d5 2. d4 Nf6 3. c4 c6 4. e3 Bf5 5. Nc3 e6 6. Nh4 Bg6 7. Nxg6 hxg6 8. Bd2 Qc7 9. g3 Nbd7 10. c5 Be7 11. b4 b6 12. Be2 e5 1/2-1/2